000 00925nam a2200277Ia 4500
001 44255
003 113636
005 20251127174100.0
008 ||||||n9999 ||| || ||
041 _aspa
100 _aRicaurte Rozo, Jairo Hernando
_962671
245 0 _aLa oficina de denuncias y contravenciones como momento de verdad en las relaciones policia-comunidad
260 _aBogotá :
_bEscuela Superior de Administración Pública - ESAP,
_c1997.
300 _a60h y anexos
500 _aTesis
562 _e1
650 _aATENCION AL PUBLICO
_916813
650 _aESPECIALIZACIÓN EN GERENCIA SOCIAL--TESIS Y DISERTACIONES ACADÉMICAS
_924038
650 _aEVALUACION DE SERVICIOS
_926363
650 _aGERENCIA DE SERVICIOS
_917982
650 _aPOLICIA NACIONAL
_911166
650 _aPROPUESTAS
_98972
650 0 _aTesis y disertaciones académicas
_93
650 _y1997
_962673
942 _cTESIS
999 _c44255
_d44255